Marketingové stratégie uplatňované v priebehu životného cyklu produktu bakalárska práca

Uložené v:
Podrobná bibliografia
Hlavný autor: Husvéthová, Andrea
Korporativný autor: Fakulta podnikového manažmentu EU. Katedra podnikovohospodárska
Ďalší autori: Kufelová, Iveta, 1970-
Médium: Kniha
Jazyk:Slovak
Vydavateľské údaje: Bratislava 2018
Tagy: Pridať tag
Žiadne tagy, Buďte prvý, kto otaguje tento záznam!

MARC

LEADER 00000nbm a2200000 4500
001 0244674
005 20181009111703.2
041 0 |a slo 
044 |a SK 
245 1 0 |a Marketingové stratégie uplatňované v priebehu životného cyklu produktu  |b bakalárska práca  |c Andrea Husvéthová ; školiteľ: Iveta Kufelová 
264 1 |a Bratislava  |c 2018 
300 |a 47 s. 
100 1 |a Husvéthová, Andrea 
700 1 |a Kufelová, Iveta, 1970- 
710 2 |a Fakulta podnikového manažmentu EU. Katedra podnikovohospodárska